000 00324 a2200133 4500
001 151400
040 _cEscola São Tomás de Aquino
100 _aMACHADO, Ana Maria
240 1 0 _aUma arara e sete papagaios
_lpor
245 1 0 _aUma arara e sete papagaios
362 0 _a1988
697 _a*LITERATURA INFANTIL
942 _cBK
999 _c151400
_d151400